Normal view
MARC view
- تحرير: الشويات، محمود
Entry Personal Name
001 - CONTROL NUMBER
- control field: 52961
003 - CONTROL NUMBER IDENTIFIER
- control field: JO-AjAnu
005 - DATE AND TIME OF LATEST TRANSACTION
- control field: 20230606082712.0
008 - FIXED-LENGTH DATA ELEMENTS
- fixed length control field: 230606|| aca||aabn | a|a d
040 ## - CATALOGING SOURCE
- Original cataloging agency: JO-AjAnu
- Transcribing agency: JO-AjAnu
100 ## - HEADING--PERSONAL NAME
- Personal name: تحرير: الشويات، محمود
670 ## - SOURCE DATA FOUND
- Source citation: Work cat.: (JO-AjAnu)27059: تحرير: الشويات، محمود, author, الحاكمية والفساد الاداري والمالي : وقائع المؤتمر العلمي الثالث لكلية ادارة الاعمال عجلون - الاردن 18-2014/11/19